| 000 | 00000nam 2200000za 4500 |
| 001 | 9.844568 |
| 003 | CaOODSP |
| 005 | 20221107152755 |
| 007 | cr ||||||||||| |
| 008 | 170926s2017 quc o f000 0 fre d |
| 040 | |aCaOODSP|bfre |
| 043 | |an-cn--- |
| 086 | 1 |aP29-133-1-2017F-PDF |
| 245 | 00|aAgents de sécurité et superviseurs des agents de sécurité |h[ressource électronique]. |
| 260 | |aGatineau, Québec : |bOffice des normes générales du Canada, |cc2017. |
| 300 | |ai, 41 p. |
| 490 | 1 |aNorme nationale du Canada ; |vno 133.1-2017 |
| 500 | |a« Publiée, septembre 2017. » |
| 500 | |a« Expérience et excellence »-- Couv. |
| 500 | |aRemplace CAN/CGSB-133.1-2008. |
| 500 | |aPubl. aussi en anglais sous le titre : Security officers and security officer supervisors. |
| 520 | |a« La présente norme énonce les critères minimaux à utiliser pour effectuer la sélection des agents de sécurité et des superviseurs en uniforme affectés à la protection des personnes, des propriétés et de l’information. Elle offre un « Programme de formation de base des agents de sécurité (avant l’affectation) » (voir annexe A), un « Programme de formation des superviseurs des agents de sécurité (avant l’affectation) » (voir annexe B) et des « Lignes directrices relatives au rendement des fournisseurs de services de formation pour les agents de sécurité et les superviseurs » (voir annexe C) » --Objet, p.1. |
| 692 | 07|2gccst|aSécurité |
| 692 | 07|2gccst|aFormation |
| 692 | 07|2gccst|aNorme |
| 710 | 2 |aConseil canadien des normes. |
| 710 | 2 |aOffice des normes générales du Canada. |
| 775 | 08|tSecurity officers and security officer supervisors |w(CaOODSP)9.844567 |
| 794 | |tAgents de sécurité et superviseurs des agents de sécurité.|b2022|w(CaOODSP)9.915803 |
| 795 | |tAgents de sécurité et superviseurs des agents de sécurité |b2008|w(CaOODSP)9.840519 |
| 830 | #0|aNorme nationale du Canada ;|vno 133.1-2017|w(CaOODSP)9.504227 |
| 856 | 40|qPDF|s665 Ko|uhttps://publications.gc.ca/collections/collection_2017/ongc-cgsb/P29-133-1-2017-fra.pdf |
| 986 | |aICS 13.310 |